| 000 | 00711nam a2200229 a 4500 | ||
|---|---|---|---|
| 001 | 74351 | ||
| 003 | BD-RjUL | ||
| 005 | 20211209082536.0 | ||
| 008 | 180723s2018 ii a|||| |||| 000 0 eng d | ||
| 020 |
_a9788175247628 _cRs.1300.00 |
||
| 035 | _a(BD-RjUL)74569 | ||
| 040 |
_aBD-RjUL _beng _cBD-RjUL |
||
| 041 | _aeng | ||
| 082 |
_223 _a796 _bJAP 2018 |
||
| 100 | 1 |
_aJagirdar, Md. Ataullah _9109873 |
|
| 245 | 1 | 0 |
_aPhysiotheraphy, health, first aid and kinesiology in physical education / _cMd. Ataullah Jagirdar , M.A. Bari |
| 260 |
_aNewDelhi : _bKhel Sahitya Kendra, _cc2018 |
||
| 300 |
_a300 p. : _bill ; _c22 sm. |
||
| 650 |
_a Sports And Games _9221876 |
||
| 700 |
_a Bari, M.A. _9221877 |
||
| 942 |
_2ddc _cBK |
||
| 999 |
_c74351 _d74351 |
||